[Event "I Sunway Sitges International Chess Festival - Group A"]
[Site "Sitges (Barcelona)"]
[Date "2014.12.15"]
[Round "3.1"]
[White "Oral, Tomas"]
[Black "Romanov, Evgeny"]
[Result "1/2-1/2"]
[WhiteElo "2498"]
[BlackElo "2638"]
[PlyCount "0"]
[EventDate "2014.12.15"]

1. e4 { [%clk 1:26] } c5 { [%clk 1:26] } 2. Nf3 { [%clk 1:26] } e6 { [%clk
1:26] } 3. d4 { [%clk 1:26] } cxd4 { [%clk 1:27] } 4. Nxd4 { [%clk 1:27] } a6
{ [%clk 1:27] } 5. Nc3 { [%clk 1:27] } b5 { [%clk 1:27] } 6. Bd3 { [%clk 1:27]
} Qb6 { [%clk 1:27] } 7. Nb3 { [%clk 1:23] } Qc7 { [%clk 1:26] } 8. O-O {
[%clk 1:23] } Nf6 { [%clk 1:26] } 9. Qe2 { [%clk 1:18] } d6 { [%clk 1:27] } 10.
f4 { [%clk 1:16] } Nbd7 { [%clk 1:17] } 11. Bd2 { [%clk 1:15] } Be7 { [%clk
1:14] } 12. Rae1 { [%clk 1:15] } b4 { [%clk 1:14] } 13. Nd1 { [%clk 1:15] } Bb7
{ [%clk 1:14] } 14. Nf2 { [%clk 1:07] } a5 { [%clk 1:15] } 15. Nd4 { [%clk
1:02] } O-O { [%clk 1:14] } 16. e5 { [%clk 1:01] } dxe5 { [%clk 1:12] } 17.
fxe5 { [%clk 1:01] } Nd5 { [%clk 1:12] } 18. Kh1 { [%clk 0:40] } Nc5 { [%clk
1:06] } 19. Bxh7+ { [%clk 0:37] } Kxh7 { [%clk 1:07] } 20. Qh5+ { [%clk 0:37]
} Kg8 { [%clk 1:07] } 21. Ng4 { [%clk 0:38] } g6 { [%clk 0:41] } 22. Nh6+ {
[%clk 0:16.38] } Kg7 { [%clk 0:40] } 23. Nhf5+ { [%clk 0:16.21] } exf5 { [%clk
0:38] } 24. Nxf5+ { [%clk 0:16.05] } Kg8 { [%clk 0:37] } 25. Nh6+ { [%clk
0:14.53] } Kg7 { [%clk 0:29] } 26. Nf5+ { [%clk 0:15.19] } Kg8 { [%clk 0:29] }
27. Nh6+ { [%clk 0:15.37] } Kg7 1/2-1/2

[Event "I Sunway Sitges International Chess Festival - Group A"]
[Site "Sitges (Barcelona)"]
[Date "2014.12.15"]
[Round "3.2"]
[White "Perez Mitjans, Orelvis"]
[Black "Maze, Sebastien"]
[Result "0-1"]
[WhiteElo "2463"]
[BlackElo "2564"]
[PlyCount "0"]
[EventDate "2014.12.15"]

1. e4 { [%clk 1:30] } c5 { [%clk 1:25] } 2. Nf3 { [%clk 1:31] } Nc6 { [%clk
1:25] } 3. Bb5 { [%clk 1:31] } d6 { [%clk 1:26] } 4. O-O { [%clk 1:31] } Bd7 {
[%clk 1:26] } 5. c3 { [%clk 1:32] } Nf6 { [%clk 1:27] } 6. Re1 { [%clk 1:32] }
a6 { [%clk 1:27] } 7. Bf1 { [%clk 1:33] } Bg4 { [%clk 1:27] } 8. h3 { [%clk
1:33] } Bh5 { [%clk 1:28] } 9. d3 { [%clk 1:32] } e6 { [%clk 1:28] } 10. Nbd2
{ [%clk 1:32] } Be7 { [%clk 1:28] } 11. Be2 { [%clk 1:26] } Qc7 { [%clk 1:23]
} 12. Nf1 { [%clk 1:27] } d5 { [%clk 1:21] } 13. Nh4 { [%clk 0:50] } Bxe2 {
[%clk 1:19] } 14. Qxe2 { [%clk 0:51] } O-O { [%clk 0:52] } 15. e5 { [%clk
0:46] } Nd7 { [%clk 0:52] } 16. Nf3 { [%clk 0:47] } Rae8 { [%clk 0:52] } 17.
Bf4 { [%clk 0:36] } Kh8 { [%clk 0:50] } 18. Ng3 { [%clk 0:35] } b5 { [%clk
0:48] } 19. d4 { [%clk 0:30] } cxd4 { [%clk 0:47] } 20. cxd4 { [%clk 0:31] }
Rc8 { [%clk 0:47] } 21. Rad1 { [%clk 0:30] } Qd8 { [%clk 0:45] } 22. a3 {
[%clk 0:29] } Nb6 { [%clk 0:43] } 23. Rd3 { [%clk 0:27] } Nc4 { [%clk 0:43] }
24. Nh5 { [%clk 0:27] } g6 { [%clk 0:31] } 25. Ng3 { [%clk 0:26] } f5 { [%clk
0:29] } 26. exf6 { [%clk 0:25] } Bxf6 { [%clk 0:29] } 27. Bc1 { [%clk 0:23] }
e5 { [%clk 0:18.31] } 28. dxe5 { [%clk 0:23] } N4xe5 { [%clk 0:18.39] } 29.
Nxe5 { [%clk 0:23] } Nxe5 { [%clk 0:19.06] } 30. Rdd1 { [%clk 0:22] } Re8 {
[%clk 0:16.47] } 31. Qf1 { [%clk 0:11.37] } Bg7 { [%clk 0:13.31] } 32. Re2 {
[%clk 0:10.14] } d4 { [%clk 0:13.34] } 33. Ne4 { [%clk 0:09.44] } d3 { [%clk
0:10.53] } 34. Ree1 { [%clk 0:08.06] } Qb6 { [%clk 0:08.44] } 35. b4 { [%clk
0:07.46] } Rc2 { [%clk 0:06.17] } 36. Nc5 { [%clk 0:07.44] } Rxc1 { [%clk
0:05.38] } 37. Rxc1 { [%clk 0:07.48] } d2 { [%clk 0:06.06] } 38. Rxe5 { [%clk
0:08.03] } Bxe5 { [%clk 0:06.25] } 39. Rd1 { [%clk 0:08.14] } Bc3 { [%clk
0:06.17] } 40. Nd3 { [%clk 0:06.57] } Qd4 { [%clk 0:05.47] } 41. Kh2 { [%clk
0:07.14] } Qc4 { [%clk 0:04.41] } 42. Kg1 { [%clk 0:07.08] } Qb3 { [%clk
0:03.57] } 43. Kh2 { [%clk 0:06.03] } Qxa3 { [%clk 0:03.28] } 44. f4 { [%clk
0:04.37] } Qb3 { [%clk 0:01.25] } 45. Qf3 { [%clk 0:03.37] } Qc4 { [%clk
0:01.05] } 46. Nf2 { [%clk 0:01.31] } Bxb4 { [%clk 0:01.07] } 47. Ng4 { [%clk
0:01.06] } Bd6 { [%clk 0:01.09] } 48. Ne5 { [%clk 0:01.15] } Bxe5 { [%clk
0:00.36] } 49. fxe5 { [%clk 0:01.43] } Qe6 { [%clk 0:00.34] } 50. Rxd2 { [%clk
0:01.35] } Qxe5+ 51. g3 Qe6 52. Qc3+ Kg8 53. h4 Qc4 54. Qf3 a5 55. Rf2 h5 {
[%clk 0:00.35] } 56. Qf6 { [%clk 0:02.28] } Qe6 { [%clk 0:00.51] } 57. Qg5 {
[%clk 0:02.54] } Rf8 { [%clk 0:00.40] } 58. Rxf8+ { [%clk 0:03.10] } Kxf8 {
[%clk 0:01.03] } 59. Qxb5 { [%clk 0:03.33] } Qf5 { [%clk 0:01.24] } 60. Qb8+ {
[%clk 0:03.07] } Kf7 { [%clk 0:00.44] } 61. Qc7+ { [%clk 0:02.53] } Kg8 {
[%clk 0:01.05] } 62. Qd8+ { [%clk 0:02.59] } Kg7 { [%clk 0:01.26] } 63. Qc7+ {
[%clk 0:03.16] } Kh6 { [%clk 0:01.48] } 64. Qc3 { [%clk 0:02.50] } Qf2+ {
[%clk 0:02.37] } 65. Kh1 { [%clk 0:02.50] } Qf1+ { [%clk 0:02.33] } 66. Kh2 {
[%clk 0:02.50] } Qe2+ { [%clk 0:02.29] } 67. Kh1 { [%clk 0:02.50] } Qd1+ {
[%clk 0:02.59] } 68. Kh2 { [%clk 0:02.43] } Qd8 { [%clk 0:02.59] } 69. Qe5 {
[%clk 0:02.40] } Kh7 { [%clk 0:02.45] } 70. Qb5 { [%clk 0:02.21] } Qc7 { [%clk
0:03.04] } 71. Qe8 { [%clk 0:02.15] } Kg7 { [%clk 0:02.32] } 72. Kg2 { [%clk
0:01.56] } Qa7 { [%clk 0:02.21] } 73. Qe5+ { [%clk 0:02.17] } Kh7 { [%clk
0:02.46] } 74. Qd6 { [%clk 0:01.29] } a4 { [%clk 0:03.00] } 75. Qa3 { [%clk
0:01.58] } Kg8 { [%clk 0:02.15] } 76. Qa2+ { [%clk 0:02.12] } Kf8 { [%clk
0:02.35] } 77. Qa3+ { [%clk 0:02.34] } Ke8 { [%clk 0:03.00] } 78. Qd6 { [%clk
0:01.41] } Kf7 { [%clk 0:03.18] } 79. Qa3 { [%clk 0:02.01] } Qb7+ { [%clk
0:03.37] } 80. Kh2 { [%clk 0:02.22] } Qc6 { [%clk 0:02.39] } 81. Qe3 { [%clk
0:02.16] } Qc4 { [%clk 0:01.02] } 82. Kg1 { [%clk 0:01.56] } Qc6 { [%clk
0:00.36] } 83. Kh2 { [%clk 0:02.12] } Qd7 { [%clk 0:00.54] } 84. Kg1 { [%clk
0:02.23] } Qd1+ { [%clk 0:01.05] } 85. Kh2 { [%clk 0:02.51] } Qc2+ { [%clk
0:01.23] } 86. Kg1 { [%clk 0:03.20] } Kf6 { [%clk 0:01.41] } 87. Qe8 { [%clk
0:03.08] } Kf5 { [%clk 0:01.22] } 88. Qd7+ { [%clk 0:02.18] } Ke4 { [%clk
0:01.39] } 89. Qd6 { [%clk 0:01.07] } Kf3 { [%clk 0:00.51] } 90. Qf4+ { [%clk
0:01.35] } Ke2 { [%clk 0:01.17] } 91. Qe5+ { [%clk 0:00.45] } Kd3 { [%clk
0:01.34] } 92. Qf6 { [%clk 0:00.43] } Qd1+ { [%clk 0:01.38] } 93. Kf2 { [%clk
0:01.00] } Qe2+ { [%clk 0:01.57] } 94. Kg1 { [%clk 0:01.26] } Qe4 { [%clk
0:02.14] } 95. Qf8 { [%clk 0:01.11] } Kc2 { [%clk 0:02.09] } 96. Qa3 { [%clk
0:01.15] } Qc4 { [%clk 0:01.41] } 97. Kf2 { [%clk 0:00.38] } Qb3 { [%clk
0:01.59] } 98. Qd6 { [%clk 0:00.55] } Kb1 { [%clk 0:01.37] } 99. Kf1 { [%clk
0:00.35] } Qc4+ { [%clk 0:00.56] } 100. Ke1 { [%clk 0:00.45] } Qc1+ { [%clk
0:00.59] } 101. Ke2 { [%clk 0:01.13] } a3 { [%clk 0:01.05] } 102. Kf3 { [%clk
0:01.22] } Qc3+ { [%clk 0:01.26] } 103. Kf4 { [%clk 0:01.42] } a2 { [%clk
0:01.35] } 104. Qxg6+ { [%clk 0:01.52] } Kc1 0-1

[Event "I Sunway Sitges International Chess Festival - Group A"]
[Site "Sitges (Barcelona)"]
[Date "2014.12.15"]
[Round "3.3"]
[White "Narciso Dublan, Marc"]
[Black "Martinez Alcantara, Jose Eduar"]
[Result "1/2-1/2"]
[WhiteElo "2515"]
[BlackElo "2448"]
[PlyCount "0"]
[EventDate "2014.12.15"]

1. d4 { [%clk 1:30] } Nf6 { [%clk 1:30] } 2. c4 { [%clk 1:30] } e6 { [%clk
1:31] } 3. Nc3 { [%clk 1:30] } Bb4 { [%clk 1:31] } 4. Qc2 { [%clk 1:30] } c5 {
[%clk 1:31] } 5. dxc5 { [%clk 1:30] } O-O { [%clk 1:31] } 6. Nf3 { [%clk 1:29]
} Na6 { [%clk 1:31] } 7. c6 { [%clk 1:26] } bxc6 { [%clk 1:31] } 8. a3 { [%clk
1:27] } Bxc3+ { [%clk 1:30] } 9. Qxc3 { [%clk 1:27] } Nc5 { [%clk 1:31] } 10.
g3 { [%clk 1:24] } a5 { [%clk 1:29] } 11. Be3 { [%clk 1:22] } Nfe4 { [%clk
1:15] } 12. Qc2 { [%clk 1:21] } a4 { [%clk 1:14] } 13. Rd1 { [%clk 1:17] } Qa5+
{ [%clk 1:12] } 14. Nd2 { [%clk 1:17] } d5 { [%clk 0:58] } 15. Bg2 { [%clk
1:15] } Ba6 { [%clk 0:57] } 16. O-O { [%clk 1:11] } Nxd2 { [%clk 0:55] } 17.
Bxd2 { [%clk 1:11] } Qb6 { [%clk 0:55] } 18. cxd5 { [%clk 1:06] } cxd5 { [%clk
0:55] } 19. Bc3 { [%clk 0:55] } Nb3 { [%clk 0:52] } 20. Rfe1 { [%clk 0:54] }
Rac8 { [%clk 0:50] } 21. e3 { [%clk 0:54] } Rfd8 { [%clk 0:46] } 22. Kh1 {
[%clk 0:39] } Bc4 { [%clk 0:37] } 23. f4 { [%clk 0:33] } Nc5 { [%clk 0:36] }
24. Qd2 { [%clk 0:32] } Qb5 { [%clk 0:34] } 25. Bd4 { [%clk 0:16.58] } Nb3 {
[%clk 0:32] } 26. Qf2 { [%clk 0:16.14] } Bd3 { [%clk 0:31] } 27. Bf1 { [%clk
0:14.59] } Be4+ { [%clk 0:29] } 28. Kg1 { [%clk 0:15.22] } Qc6 { [%clk 0:29] }
29. Bc3 { [%clk 0:14.00] } f6 { [%clk 0:25] } 30. g4 { [%clk 0:07.43] } Qe8 {
[%clk 0:24] } 31. h3 { [%clk 0:06.40] } Qe7 { [%clk 0:22] } 32. Bg2 { [%clk
0:05.47] } Rc4 { [%clk 0:22] } 33. Bf1 { [%clk 0:05.01] } Rcc8 { [%clk
0:15.49] } 34. Bg2 { [%clk 0:05.15] } Bxg2 { [%clk 0:12.47] } 35. Qxg2 { [%clk
0:05.16] } Qf7 { [%clk 0:13.08] } 36. Re2 { [%clk 0:03.20] } Nc5 { [%clk
0:13.10] } 37. Rc2 { [%clk 0:02.36] } Ne4 { [%clk 0:12.50] } 38. Bd4 { [%clk
0:02.19] } Qe8 { [%clk 0:11.08] } 39. Rdc1 { [%clk 0:02.21] } e5 { [%clk
0:03.10] } 40. Rxc8 { [%clk 0:01.43] } Rxc8 { [%clk 0:03.39] } 41. Rxc8 {
[%clk 0:02.08] } Qxc8 { [%clk 0:04.07] } 42. fxe5 { [%clk 0:02.30] } fxe5 {
[%clk 0:04.22] } 43. Bxe5 { [%clk 0:02.19] } Qc1+ { [%clk 0:04.48] } 44. Kh2 {
[%clk 0:02.31] } Qxe3 { [%clk 0:04.14] } 45. Qc2 { [%clk 0:02.32] } Qc5 {
[%clk 0:00.43] } 46. Qxc5 { [%clk 0:01.52] } Nxc5 { [%clk 0:01.07] } 47. Kg3 {
[%clk 0:02.08] } Kf7 { [%clk 0:01.14] } 48. Kf3 { [%clk 0:02.29] } g6 { [%clk
0:01.01] } 49. Ke3 { [%clk 0:02.18] } Ke6 { [%clk 0:01.00] } 50. Bh2 { [%clk
0:00.42] } Kd7 { [%clk 0:01.06] } 51. Kd4 { [%clk 0:00.42] } Kc6 { [%clk
0:01.25] } 52. Bg1 { [%clk 0:00.43] } Ne4 { [%clk 0:01.28] } 53. Be3 { [%clk
0:00.50] } Nd6 { [%clk 0:01.09] } 54. Kc3 { [%clk 0:00.37] } Kb5 { [%clk
0:01.08] } 55. b3 { [%clk 0:00.36] } Ne4+ { [%clk 0:01.02] } 56. Kc2 { [%clk
0:01.02] } h5 { [%clk 0:01.08] } 57. bxa4+ { [%clk 0:00.41] } Kxa4 { [%clk
0:01.34] } 58. gxh5 { [%clk 0:01.09] } gxh5 { [%clk 0:02.01] } 59. Kd3 { [%clk
0:01.33] } Nd6 { [%clk 0:01.49] } 60. Bc1 { [%clk 0:01.17] } Nb5 { [%clk
0:02.04] } 61. Ke3 { [%clk 0:01.17] } Kb3 { [%clk 0:02.06] } 62. Kf4 { [%clk
0:01.12] } d4 { [%clk 0:01.35] } 63. Kg5 { [%clk 0:01.31] } Nxa3 { [%clk
0:01.58] } 64. Kxh5 { [%clk 0:01.45] } d3 { [%clk 0:00.37] } 65. h4 { [%clk
0:01.11] } Nc4 { [%clk 0:00.36] } 66. Kg5 { [%clk 0:00.42] } Ne5 { [%clk
0:00.32] } 67. h5 { [%clk 0:00.59] } Kc2 { [%clk 0:00.31] } 68. Bf4 { [%clk
0:01.22] } d2 { [%clk 0:00.46] } 69. Bxd2 { [%clk 0:01.40] } Kxd2 { [%clk
0:01.14] } 70. Kf6 { [%clk 0:01.30] } Ng4+ { [%clk 0:01.34] } 71. Kf5 { [%clk
0:01.54] } Nh6+ { [%clk 0:01.57] } 72. Kg6 { [%clk 0:02.17] } Ng4 { [%clk
0:02.05] } 73. Kg5 { [%clk 0:02.41] } Ne5 1/2-1/2

[Event "I Sunway Sitges International Chess Festival - Group A"]
[Site "Sitges (Barcelona)"]
[Date "2014.12.15"]
[Round "3.4"]
[White "Baklan, Vladimir"]
[Black "Bailet, Pierre"]
[Result "0-1"]
[WhiteElo "2655"]
[BlackElo "2484"]
[PlyCount "0"]
[EventDate "2014.12.15"]

1. e4 { [%clk 1:30] } e5 { [%clk 1:25] } 2. Nf3 { [%clk 1:31] } Nc6 { [%clk
1:25] } 3. Bb5 { [%clk 1:31] } a6 { [%clk 1:25] } 4. Ba4 { [%clk 1:32] } Nf6 {
[%clk 1:26] } 5. O-O { [%clk 1:32] } Be7 { [%clk 1:26] } 6. Qe2 { [%clk 1:32]
} d6 { [%clk 1:26] } 7. c3 { [%clk 1:28] } O-O { [%clk 1:24] } 8. d4 { [%clk
1:24] } exd4 { [%clk 1:19] } 9. cxd4 { [%clk 1:24] } Re8 { [%clk 1:12] } 10. d5
{ [%clk 1:08] } b5 { [%clk 1:13] } 11. dxc6 { [%clk 1:07] } bxa4 { [%clk 1:13]
} 12. Nc3 { [%clk 1:08] } Bg4 { [%clk 0:56] } 13. Qd3 { [%clk 1:00] } Bh5 {
[%clk 0:54] } 14. Ng5 { [%clk 0:51] } h6 { [%clk 0:46] } 15. Nh3 { [%clk 0:51]
} d5 { [%clk 0:37] } 16. exd5 { [%clk 0:40] } Bg6 { [%clk 0:36] } 17. Qc4 {
[%clk 0:39] } Bf5 { [%clk 0:34] } 18. Nf4 { [%clk 0:38] } Bd6 { [%clk 0:35] }
19. f3 { [%clk 0:35] } Rb8 { [%clk 0:31] } 20. a3 { [%clk 0:26] } Qe7 { [%clk
0:30] } 21. Nfe2 { [%clk 0:26] } Bc2 { [%clk 0:28] } 22. Nd4 { [%clk 0:22] }
Bg6 { [%clk 0:25] } 23. g3 { [%clk 0:18.27] } Bc5 { [%clk 0:20] } 24. Kg2 {
[%clk 0:18.28] } Ba7 { [%clk 0:19.21] } 25. Ra2 { [%clk 0:11.37] } Qe5 { [%clk
0:16.09] } 26. Rd1 { [%clk 0:11.03] } Qh5 { [%clk 0:10.34] } 27. Bf4 { [%clk
0:08.18] } Ne4 { [%clk 0:10.42] } 28. g4 { [%clk 0:05.50] } Qh4 { [%clk
0:09.46] } 29. Bg3 { [%clk 0:06.09] } Nxg3 { [%clk 0:10.01] } 30. hxg3 { [%clk
0:06.36] } Qf6 { [%clk 0:09.54] } 31. Nf5 { [%clk 0:05.03] } Bxf5 { [%clk
0:09.22] } 32. gxf5 { [%clk 0:05.31] } Qxf5 { [%clk 0:08.49] } 33. Qd3 { [%clk
0:02.50] } Qf6 { [%clk 0:07.41] } 34. Ne4 { [%clk 0:02.16] } Rxb2+ { [%clk
0:06.40] } 35. Rd2 { [%clk 0:01.45] } Rxd2+ { [%clk 0:06.29] } 36. Rxd2 {
[%clk 0:02.08] } Qa1 { [%clk 0:05.35] } 37. d6 { [%clk 0:02.33] } cxd6 { [%clk
0:05.20] } 38. c7 { [%clk 0:01.25] } Bb6 { [%clk 0:03.39] } 39. Qxd6 { [%clk
0:00.46] } Qg1+ { [%clk 0:03.06] } 40. Kh3 { [%clk 0:01.16] } Qf1+ { [%clk
0:03.32] } 41. Kh4 { [%clk 0:00.52] } Qh1+ { [%clk 0:02.36] } 42. Kg4 { [%clk
0:01.15] } f5+ { [%clk 0:02.50] } 43. Kxf5 { [%clk 0:01.07] } Qxf3+ { [%clk
0:01.55] } 44. Qf4 { [%clk 0:01.35] } Qh5+ { [%clk 0:01.21] } 45. Ng5 { [%clk
0:02.01] } Rf8+ { [%clk 0:01.33] } 46. Ke4 { [%clk 0:01.16] } Rxf4+ 0-1

[Event "I Sunway Sitges International Chess Festival - Group A"]
[Site "Sitges (Barcelona)"]
[Date "2014.12.15"]
[Round "3.5"]
[White "Peralta, Fernando"]
[Black "Charochkina, Daria"]
[Result "1-0"]
[WhiteElo "2582"]
[BlackElo "2370"]
[PlyCount "0"]
[EventDate "2014.12.15"]

1. d4 { [%clk 1:27] } d5 { [%clk 1:30] } 2. c4 { [%clk 1:27] } c6 { [%clk
1:31] } 3. Nc3 { [%clk 1:26] } Nf6 { [%clk 1:31] } 4. e3 { [%clk 1:24] } e6 {
[%clk 1:31] } 5. Bd3 { [%clk 1:24] } Nbd7 { [%clk 1:31] } 6. cxd5 { [%clk
1:24] } cxd5 { [%clk 1:30] } 7. f4 { [%clk 1:22] } a6 { [%clk 1:24] } 8. a4 {
[%clk 1:17] } b6 { [%clk 1:21] } 9. Nf3 { [%clk 1:16] } Bb7 { [%clk 1:21] } 10.
O-O { [%clk 1:15] } Bd6 { [%clk 1:13] } 11. Bd2 { [%clk 1:03] } Ne4 { [%clk
0:56] } 12. Be1 { [%clk 0:56] } O-O { [%clk 0:46] } 13. Bh4 { [%clk 0:52] } Be7
{ [%clk 0:41] } 14. Bxe7 { [%clk 0:51] } Qxe7 { [%clk 0:42] } 15. Qb3 { [%clk
0:44] } f5 { [%clk 0:33] } 16. Rfc1 { [%clk 0:40] } Rac8 { [%clk 0:32] } 17.
Ne2 { [%clk 0:27] } h6 { [%clk 0:26] } 18. Ne5 { [%clk 0:18.17] } Nd2 { [%clk
0:25] } 19. Ng6 { [%clk 0:10.06] } Rxc1+ { [%clk 0:12.49] } 20. Nxc1 { [%clk
0:04.19] } Qf7 { [%clk 0:10.23] } 21. Qd1 { [%clk 0:04.35] } Nf3+ { [%clk
0:10.34] } 22. Qxf3 { [%clk 0:04.48] } Qxg6 { [%clk 0:10.59] } 23. a5 { [%clk
0:02.54] } b5 { [%clk 0:09.02] } 24. Nb3 { [%clk 0:03.18] } Rc8 { [%clk
0:08.52] } 25. Qe2 { [%clk 0:03.01] } Qe8 { [%clk 0:06.04] } 26. Qd2 { [%clk
0:03.02] } Qe7 { [%clk 0:04.05] } 27. h3 { [%clk 0:03.12] } Qd6 { [%clk
0:02.38] } 28. Qe1 { [%clk 0:02.05] } g5 { [%clk 0:02.14] } 29. Qd2 { [%clk
0:01.16] } Rc4 { [%clk 0:00.47] } 30. Rf1 { [%clk 0:00.36] } gxf4 { [%clk
0:00.34] } 31. Rxf4 { [%clk 0:00.40] } Rc7 { [%clk 0:00.40] } 32. Qe1 { [%clk
0:00.44] } Qf8 { [%clk 0:00.46] } 33. Rxf5 { [%clk 0:00.40] } Nf6 { [%clk
0:00.46] } 34. Rf3 { [%clk 0:00.41] } Rf7 { [%clk 0:00.33] } 35. Qg3+ { [%clk
0:00.47] } Qg7 { [%clk 0:00.35] } 36. Qb8+ { [%clk 0:00.34] } Rf8 { [%clk
0:00.54] } 37. Qe5 { [%clk 0:00.56] } Qe7 { [%clk 0:00.32] } 38. Rg3+ { [%clk
0:00.56] } Kf7 { [%clk 0:00.46] } 39. Bg6+ { [%clk 0:00.57] } Kg7 { [%clk
0:01.12] } 40. Bd3+ { [%clk 0:01.05] } Kf7 { [%clk 0:01.40] } 41. Bg6+ { [%clk
0:00.51] } Kg7 { [%clk 0:02.09] } 42. Bf5+ { [%clk 0:00.41] } Kh8 { [%clk
0:02.23] } 43. Bxe6 { [%clk 0:00.39] } Qb4 { [%clk 0:00.40] } 44. Nc5 1-0

[Event "I Sunway Sitges International Chess Festival - Group A"]
[Site "Sitges (Barcelona)"]
[Date "2014.12.15"]
[Round "3.6"]
[White "Ibragimov, Ildar"]
[Black "Terrieux, Kevin"]
[Result "1/2-1/2"]
[WhiteElo "2548"]
[BlackElo "2425"]
[PlyCount "0"]
[EventDate "2014.12.15"]

1. d4 { [%clk 1:30] } d5 { [%clk 1:24] } 2. Nf3 { [%clk 1:30] } Nf6 { [%clk
1:24] } 3. c4 { [%clk 1:30] } e6 { [%clk 1:25] } 4. Nc3 { [%clk 1:31] } Bb4 {
[%clk 1:25] } 5. e3 { [%clk 1:29] } O-O { [%clk 1:23] } 6. Bd3 { [%clk 1:27] }
c5 { [%clk 1:24] } 7. O-O { [%clk 1:27] } dxc4 { [%clk 1:18] } 8. Bxc4 { [%clk
1:27] } Nbd7 { [%clk 1:18] } 9. a3 { [%clk 1:17] } Bxc3 { [%clk 1:15] } 10.
bxc3 { [%clk 1:18] } Qc7 { [%clk 1:15] } 11. Ba2 { [%clk 1:07] } b6 { [%clk
1:06] } 12. Qe2 { [%clk 1:05] } Bb7 { [%clk 1:05] } 13. Bb2 { [%clk 1:04] } e5
{ [%clk 0:50] } 14. Nxe5 { [%clk 0:55] } Nxe5 { [%clk 0:50] } 15. dxe5 { [%clk
0:55] } Qxe5 { [%clk 0:50] } 16. c4 { [%clk 0:55] } Qe6 { [%clk 0:44] } 17. f3
{ [%clk 0:56] } Rfd8 { [%clk 0:34] } 18. e4 { [%clk 0:51] } Ne8 { [%clk 0:33]
} 19. Rad1 { [%clk 0:46] } Nd6 { [%clk 0:27] } 20. Rd2 { [%clk 0:31] } f6 {
[%clk 0:23] } 21. e5 { [%clk 0:30] } fxe5 { [%clk 0:23] } 22. Rfd1 { [%clk
0:18.28] } e4 { [%clk 0:16.49] } 23. Bb1 { [%clk 0:14.45] } Nf7 { [%clk
0:14.49] } 24. fxe4 { [%clk 0:13.59] } Rxd2 { [%clk 0:07.38] } 25. Rxd2 {
[%clk 0:14.18] } Re8 { [%clk 0:07.42] } 26. e5 { [%clk 0:11.07] } Nxe5 { [%clk
0:07.09] } 27. Qxe5 { [%clk 0:11.24] } Qxe5 { [%clk 0:07.34] } 28. Bxe5 {
[%clk 0:11.49] } Rxe5 { [%clk 0:07.59] } 29. Rd8+ { [%clk 0:12.14] } Kf7 {
[%clk 0:08.22] } 30. Bxh7 { [%clk 0:12.31] } Re7 1/2-1/2

[Event "I Sunway Sitges International Chess Festival - Group A"]
[Site "Sitges (Barcelona)"]
[Date "2014.12.15"]
[Round "3.7"]
[White "Romanishin, Oleg M"]
[Black "Aroshidze, Levan"]
[Result "1/2-1/2"]
[WhiteElo "2487"]
[BlackElo "2537"]
[PlyCount "0"]
[EventDate "2014.12.15"]

1. d4 { [%clk 1:27] } Nf6 { [%clk 1:29] } 2. Nf3 { [%clk 1:27] } e6 { [%clk
1:30] } 3. g3 { [%clk 1:28] } b6 { [%clk 1:30] } 4. Bg2 { [%clk 1:28] } Bb7 {
[%clk 1:30] } 5. c4 { [%clk 1:29] } Be7 { [%clk 1:31] } 6. Nc3 { [%clk 1:29] }
O-O { [%clk 1:31] } 7. O-O { [%clk 1:23] } Ne4 { [%clk 1:31] } 8. Bd2 { [%clk
1:23] } Nxd2 { [%clk 1:31] } 9. Qxd2 { [%clk 1:23] } d6 { [%clk 1:32] } 10. Qc2
{ [%clk 1:15] } c6 { [%clk 1:31] } 11. b4 { [%clk 1:04] } Nd7 { [%clk 1:23] }
12. b5 { [%clk 0:55] } cxb5 { [%clk 1:15] } 13. cxb5 { [%clk 0:53] } Nf6 {
[%clk 1:04] } 14. Rac1 1/2-1/2

[Event "I Sunway Sitges International Chess Festival - Group A"]
[Site "Sitges (Barcelona)"]
[Date "2014.12.15"]
[Round "3.8"]
[White "Valdes Romero, Leonardo"]
[Black "Delorme, Axel"]
[Result "0-1"]
[WhiteElo "2402"]
[BlackElo "2502"]
[PlyCount "0"]
[EventDate "2014.12.15"]

1. Nf3 d5 2. g3 g6 3. Bg2 Bg7 4. d4 Nh6 5. O-O Nf5 6. c3 Nd7 7. Nbd2 Nf6 8. Re1
Nd6 9. Ne5 O-O 10. c4 c6 11. b3 Ng4 12. Bb2 Qa5 13. Nxg4 Bxg4 14. Qc1 dxc4 15.
Nxc4 Qh5 16. e3 Rad8 17. a4 Bf3 18. Ba3 Rfe8 19. Bxf3 Qxf3 20. Bxd6 exd6 21.
Qd1 Qf5 22. Rc1 h5 23. Nd2 h4 24. g4 Qg5 25. h3 c5 26. Nf3 Qf6 27. d5 a6 28.
Rc4 b5 29. g5 Qf5 30. Rxh4 Re4 31. Rxe4 Qxe4 32. Kg2 Rb8 33. a5 Re8 34. Qb1
Qxd5 35. e4 Qc6 36. Qc2 c4 37. bxc4 bxc4 38. Kg3 c3 39. Qd3 Qc5 40. Re2 Rc8 41.
Rc2 Rc6 42. Ne1 Qxg5+ 0-1

[Event "I Sunway Sitges International Chess Festival - Group A"]
[Site "Sitges (Barcelona)"]
[Date "2014.12.15"]
[Round "3.9"]
[White "Cruz, Filemon"]
[Black "Ducarmon, Quinten"]
[Result "0-1"]
[WhiteElo "2404"]
[BlackElo "2488"]
[PlyCount "0"]
[EventDate "2014.12.15"]

1. c4 e5 2. Nc3 Nc6 3. e3 Nf6 4. d3 Bb4 5. Nge2 d5 6. cxd5 Nxd5 7. a3 Be7 8.
Nxd5 Qxd5 9. Nc3 Qe6 10. Be2 Qg6 11. O-O O-O 12. Re1 Bf5 13. Qc2 Rad8 14. Ne4
Bh3 15. Bf1 a6 16. Bd2 h5 17. Kh1 Be6 18. Bc3 h4 19. h3 Bf5 20. b4 Rd5 21. Rab1
Rfd8 22. Rbd1 Qe6 23. Qb1 Bxe4 24. dxe4 Rxd1 25. Rxd1 Rxd1 26. Qxd1 Qa2 27. Qd2
Qxa3 28. Bc4 Bd6 29. f4 b5 30. Bxf7+ Kxf7 31. Qd5+ Ke7 32. Qxc6 Qc1+ 33. Kh2
Qxe3 34. fxe5 Qf4+ 35. Kh1 Qc1+ 0-1